000 00353cam a22000977a 4500
008 180718b1924 xxu||||| |||| 00| 0 eng d
082 _aN12x54 Ar59
245 _aThe Army in India and its evolution: including an account of the establishment of the royal air force in India
260 _aCalcutta
_bSuperintendent Government Printing
_c1924
300 _a253p.
999 _c410571
_d410571